000
00261nam a2200097Ia 4500
005
20251222114403.0
008
251222s1900||||xx |||||||||||||| ||spa||
082
_a
DVD0090/M26/2003/T.1
245
0
_a
Los mejores cortos del cine español - Volumen nº1:
942
_c
DVD
999
_c
1706
_d
1706